Malvino electronic principles (Record no. 6282)
[ view plain ]
| 000 -LEADER | |
|---|---|
| fixed length control field | 00791 a2200229 4500 |
| 020 ## - INTERNATIONAL STANDARD BOOK NUMBER | |
| International Standard Book Number | 0074637282 |
| 040 ## - CATALOGING SOURCE | |
| Original cataloging agency | DLC |
| Language of cataloging | DLC |
| 082 00 - DEWEY DECIMAL CLASSIFICATION NUMBER | |
| Classification number | 621.3515 |
| 100 1# - MAIN ENTRY--PERSONAL NAME | |
| Personal name | Malvino, Albert Paul. |
| 245 10 - TITLE STATEMENT | |
| Title | Malvino electronic principles |
| Statement of responsibility, etc. | Albert Paul Malvino. |
| 246 30 - VARYING FORM OF TITLE | |
| Title proper/short title | Electronic principles |
| 250 ## - EDITION STATEMENT | |
| Edition statement | 6th ed. |
| 260 ## - PUBLICATION, DISTRIBUTION, ETC. | |
| Place of publication, distribution, etc. | New Delhi : |
| Name of publisher, distributor, etc. | Tata McGraw-Hill, |
| Date of publication, distribution, etc. | c1999. |
| 300 ## - PHYSICAL DESCRIPTION | |
| Extent | xi, 1012 p. : |
| Other physical details | col. ill. ; |
| Dimensions | 27 cm. |
| 500 ## - GENERAL NOTE | |
| General note | Rev. ed. of: Electronic principles. 5th ed. c1993. |
| 500 ## - GENERAL NOTE | |
| General note | Includes index. |
| 650 #0 - SUBJECT ADDED ENTRY--TOPICAL TERM | |
| Topical term or geographic name entry element | Electronics. |
| 700 1# - ADDED ENTRY--PERSONAL NAME | |
| Personal name | Malvino, Albert Paul. |
| 856 42 - ELECTRONIC LOCATION AND ACCESS | |
| Materials specified | Publisher description |
| Uniform Resource Identifier | <a href="http://www.loc.gov/catdir/description/mh031/97050343.html">http://www.loc.gov/catdir/description/mh031/97050343.html</a> |
| 856 42 - ELECTRONIC LOCATION AND ACCESS | |
| Materials specified | Table of contents |
| Uniform Resource Identifier | <a href="http://www.loc.gov/catdir/toc/mh031/97050343.html">http://www.loc.gov/catdir/toc/mh031/97050343.html</a> |
| 942 ## - ADDED ENTRY ELEMENTS (KOHA) | |
| Koha item type | Book |
| Call number prefix | 621.3515 MAL |
| Source of classification or shelving scheme | |
| Withdrawn status | Lost status | Damaged status | Not for loan | Collection code | Permanent Location | Current Location | Shelving location | Date acquired | Source of acquisition | Cost, normal purchase price | Total Checkouts | Full call number | Barcode | Date last seen | Price effective from | Koha item type | Date last checked out | Total Renewals | Source of classification or shelving scheme |
|---|---|---|---|---|---|---|---|---|---|---|---|---|---|---|---|---|---|---|---|
| Central Library (CL) | Central Library (CL) | General Stacks | 04/26/2004 | Vanguard Books | 671.50 | 621.3515 MAL | SEECS004409 | 11/14/2012 | 01/05/2017 | Book | |||||||||
| Central Library (CL) | Central Library (CL) | General Stacks | 05/04/2014 | 1 | 621.3515 MAL | SEECSD00005 | 02/04/2015 | 01/05/2017 | Book | 11/19/2014 | |||||||||
| Central Library (CL) | Central Library (CL) | General Stacks | 03/18/2006 | Donation | 0.00 | 2 | 621.3515 MAL | SEECS007130 | 06/16/2022 | 01/05/2017 | Book | 02/11/2022 | 2 | ||||||
| School of Mechanical & Manufacturing Engineering (SMME) | School of Mechanical & Manufacturing Engineering (SMME) | 01/05/2017 | 621.3518 | SMME-045 | 01/05/2017 | 01/05/2017 | Book |
